Loading...
Skills of training: a guide for managers and practitioners
| Main Author: | |
|---|---|
| Format: | Printed Book |
| Language: | Undetermined |
| Published: |
England
Willwood house ltd
1983
|
| LEADER | 00552nam a2200145Ia 4500 | ||
|---|---|---|---|
| 008 | 161229s9999 xx 000 0 und d | ||
| 020 | |a 0704505568 | ||
| 082 | |a 658.3 RAE/SK | ||
| 100 | |a Rae, Leslie | ||
| 245 | |a Skills of training: a guide for managers and practitioners | ||
| 260 | |b Willwood house ltd |a England |c 1983 | ||
| 300 | |a xi, 181 | ||
| 942 | |c BK | ||
| 999 | |c 153859 |d 153859 | ||
| 952 | |0 0 |1 0 |4 0 |6 658_300000000000000_RAESK |7 0 |9 152930 |a KAUCLV |b KAUCLV |d 2016-12-29 |o 658.3 RAE/SK |p 905168 |r 2016-12-29 |w 2016-12-29 |y BK |z Book transferred from CCBM Library ,Acc.No:1381 | ||